00603 a2200181 4500001000700000003000400007005001700011008004100028082001600069100002000085245005400105260003300159300000900192690007100201942001200272999001300284952012400297066448OSt20210929100226.0  a551.6bS21M1 aSaikia, Ranjana1 aMaking sense of climate changecby Ranjana Saikia aNew DelhibTerri Pressc2009 a55p. aClimatic changes; Climatic changes--Social aspects; Global warming 2ddccBK c502d502 00102ddc40708TXBaCURAJbCURAJd2012-03-07eECOg175.00l2o551.6 S21Mp734r2025-04-03s2025-03-21w2020-09-02yBK